क्या ?क्यों ?और कैसे? / (Record no. 52994)

MARC details
000 -LEADER
fixed length control field 01159nam a22002777a 4500
005 - DATE AND TIME OF LATEST TRANSACTION
control field 20080905121451.0
008 - FIXED-LENGTH DATA ELEMENTS--GENERAL INFORMATION
fixed length control field 110608t xxu||||| |||| 00| 0 hin d
010 ## - LCCN (DPL NO)
LC control number HIN-92969
020 ## - INTERNATIONAL STANDARD BOOK NUMBER
Terms of availability 180.00
035 ## - SYSTEM CONTROL NUMBER
System control number HN-65315
037 ## - SOURCE OF ACQUISITION
Source of stock number/acquisition DBAD / PUB
040 ## - CATALOGING SOURCE
Original cataloging agency DPL
Language of cataloging HN
082 ## - DEWEY DECIMAL CLASSIFICATION NUMBER
Classification number 507.8
100 ## - MAIN ENTRY--PERSONAL NAME
9 (RLIN) 28442
Personal name सूद, एम.एस.
245 ## - TITLE STATEMENT
Title क्या ?क्यों ?और कैसे? /
Statement of responsibility, etc एम.एस.सूद
260 ## - PUBLICATION, DISTRIBUTION, ETC. (IMPRINT)
Place of publication, distribution, etc जयपुर
Name of publisher, distributor, etc साक्षी प्रकाशन
Date of publication, distribution, etc 2011
270 ## - ADDRESS
Address 26 शिव वाटिका, मॉडल टाउन सी, मालवीय नगर
City जयपुर
300 ## - PHYSICAL DESCRIPTION
Extent 168पृ
Dimensions 22सेमी (सजिल्द)
500 ## - GENERAL NOTE
General note समान ISBN 9788190530200 शीर्षक मानव में जैविक परिवर्धन
650 ## - SUBJECT ADDED ENTRY--TOPICAL TERM
9 (RLIN) 28443
650 ## - SUBJECT ADDED ENTRY--TOPICAL TERM
9 (RLIN) 28455
700 ## - ADDED ENTRY--PERSONAL NAME
9 (RLIN) 28521
700 ## - ADDED ENTRY--PERSONAL NAME
9 (RLIN) 28536
942 ## - ADDED ENTRY ELEMENTS (KOHA)
Institution code [OBSOLETE] dpl
Item type Hindi Books
Source of classification or shelving scheme Dewey Decimal Classification
Call number suffix सूदए
Classification part 507.8
Holdings
Withdrawn status Lost status Source of classification or shelving scheme Damaged status Not for loan Collection code Home library Current library Date acquired Source of acquisition Cost, normal purchase price Total Checkouts Full call number Barcode Date last seen Copy number Cost, replacement price Koha item type
    Dewey Decimal Classification   Not For Loan Non-fiction D.B.Act.Division D.B.Act.Division 20/06/2011 DBAD / PUB 180.00   507.8 सूदए HN-65315 20/06/2011 1 180.00 Hindi Books

© Delhi Public Library
Hit Counter
free hit counter